[Event "Bengaluru Karnataka op"]
[Site "Bengaluru"]
[Date "2018.04.17"]
[Round "8"]
[White "Kulkarni, Vinayak"]
[Black "Sekhawat, Hussen"]
[Result "1-0"]
[WhiteElo "2179"]
[BlackElo "1915"]
[PlyCount "120"]
[EventDate "2018.04.14"]
[EventType "swiss"]
[EventRounds "10"]
[EventCountry "IND"]
[SourceTitle "CBM 184 Extra"]
[Source "ChessBase"]
[SourceDate "2018.06.28"]
[SourceVersion "1"]
[SourceVersionDate "2018.06.28"]
[SourceQuality "1"]

1. Nf3 Nf6 2. g3 g6 3. Bg2 Bg7 4. 0-0 0-0 5. d4 c5 6. c3 Qc7 7. Nbd2 d6 8. dxc5 Qxc5 9. Nd4 a6 10. Ne4 Nxe4 11. Bxe4 Qc7 12. Bg5 h6 13. Be3 Bh3 14. Re1 Nd7 15. Nc2 Nf6 16. Bf3 Ng4 17. Qd2 Ne5 18. Bxh6 Nxf3+ 19. exf3 Qc6 20. Nd4 Qd7 21. Rad1 e5 22. Nc2 Rad8 23. Re4 f5 24. Rh4 f4 25. g4 Bxg4 26. Rxg4 Bxh6 27. Rxg6+ Kh7 28. Rxd6 Rg8+ 29. Kf1 Qh3+ 30. Ke1 Rde8 31. Qd3+ e4 32. fxe4 f3 33. Ne3 Qxh2 34. Rd7+ Kh8 35. Qd4+ Rg7 36. Rxg7 Bxg7 37. Qd5 Qg1+ 38. Nf1 Qg4 39. Ng3 Re5 40. Qxb7 a5 41. Kd2 Qe6 42. Rh1+ Kg8 43. Qb3 a4 44. Qxe6+ Rxe6 45. Ke3 a3 46. bxa3 Rc6 47. Kxf3 Rxc3+ 48. Kf4 Rxa3 49. Nf5 Rxa2 50. Rg1 Rxf2+ 51. Ke3 Rxf5 52. exf5 Kf7 53. Ke4 Bf6 54. Rg2 Be7 55. Ra2 Kf6 56. Ra6+ Kf7 57. Ke5 Bd8 58. Ra7+ Ke8 59. Ra8 Kd7 60. Rxd8+ Kxd8 1-0

[Event "Bengaluru Karnataka op"]
[Site "Bengaluru"]
[Date "2018.04.15"]
[Round "3"]
[White "Basavaraj, DN."]
[Black "Sekhawat, Hussen"]
[Result "1/2-1/2"]
[WhiteElo "1303"]
[BlackElo "1915"]
[PlyCount "110"]
[EventDate "2018.04.14"]
[EventType "swiss"]
[EventRounds "10"]
[EventCountry "IND"]
[SourceTitle "CBM 184 Extra"]
[Source "ChessBase"]
[SourceDate "2018.06.28"]
[SourceVersion "1"]
[SourceVersionDate "2018.06.28"]
[SourceQuality "1"]

1. e4 c6 2. Nf3 d5 3. e5 Bf5 4. d4 e6 5. Nbd2 Bb4 6. c3 Ba5 7. Nb3 Bb6 8. Bd3 Ne7 9. Bg5 Bxd3 10. Qxd3 a5 11. a4 h6 12. Bh4 Qc7 13. g4 Ng6 14. Bg3 h5 15. gxh5 Rxh5 16. h4 Ne7 17. Ng5 Nf5 18. Qf3 g6 19. Nc1 Qe7 20. Ne2 Nd7 21. Nf4 Rh6 22. 0-0-0 0-0-0 23. Rh3 Rdh8 24. Rdh1 Bd8 25. Kd2 Nb6 26. b3 Qe8 27. Qe2 Be7 28. Qf3 Nd7 29. Qd3 Kb8 30. Qe2 Ka7 31. Qf1 b6 32. Qe2 c5 33. Nf3 Nb8 34. Qd3 Na6 35. Qb5 Qxb5 36. axb5 Nc7 37. c4 dxc4 38. bxc4 cxd4 39. Kd3 Kb7 40. Ng5 Bxg5 41. hxg5 Rxh3 42. Rxh3 Rxh3 43. Nxh3 Ne8 44. Bf4 Neg7 45. Bc1 Nh5 46. Nf4 Nxf4+ 47. Bxf4 a4 48. Bc1 Kc7 49. Bb2 Nh4 50. f4 Ng2 51. Bc1 a3 52. Bxa3 Nxf4+ 53. Kxd4 Nh5 54. c5 Nf4 55. c6 Nd5 1/2-1/2

[Event "IND-ch Challengers 50th"]
[Site "Tirupati"]
[Date "2012.05.18"]
[Round "1.21"]
[White "Karthikeyan, Murali"]
[Black "Sekhawat, Hussen"]
[Result "1-0"]
[WhiteElo "2329"]
[BlackElo "1910"]
[PlyCount "85"]
[EventDate "2012.05.18"]
[EventType "swiss"]
[EventRounds "13"]
[EventCountry "IND"]
[SourceTitle "CBM 148 Extra"]
[Source "ChessBase"]
[SourceDate "2012.06.22"]
[SourceVersion "1"]
[SourceVersionDate "2012.06.22"]
[SourceQuality "1"]

1. e4 e5 2. Nf3 Nf6 3. Nxe5 d6 4. Nf3 Nxe4 5. d4 d5 6. Bd3 Nf6 7. 0-0 Be7 8. c4 c6 9. Nc3 0-0 10. Ne5 Nbd7 11. Bf4 dxc4 12. Nxc4 Nb6 13. Nxb6 axb6 14. Re1 Be6 15. Be5 Re8 16. Qf3 Bf8 17. a3 Ng4 18. Rad1 Nxe5 19. dxe5 Qg5 20. Qe4 g6 21. f4 Qg4 22. Kh1 Rad8 23. h3 Qh4 24. Qf3 Bb3 25. Rb1 f5 26. Rf1 Bc5 27. Rbc1 Rd7 28. Ne2 Red8 29. Bxf5 Bd5 30. Be4 Bxe4 31. Qxe4 Rd3 32. Kh2 Re3 33. Qc4+ Kg7 34. Rc3 b5 35. Qxc5 Rxe2 36. Rg3 Rd5 37. Qc3 Qe7 38. e6+ Qf6 39. f5 Rde5 40. fxg6 Qxf1 41. gxh7+ Kxh7 42. Qd3+ Rf5 43. Qd7+ 1-0